Представление документа в формате RUSMARC

ПолеНазваниеЗначение
  Тип записи a
  Библиографический уровень a
001 Контрольный номер 44020c80523645a1b02d72c92ad8a215
005 Дата корректировки 20260120093723.4
100 Данные общей обработки __
a Данные общей обработки 20260120 ||| 0rusy0189 ca
101 Язык документа 0_
a Язык текста rus
102 Страна публикации __
a Страна публикации RU
200 Заглавие и сведения об ответственности 1_
a Заглавие Полезная инструкция
e Сведения, относящиеся к заглавию сказка
f Первые сведения об ответственности И. Ащеулова
461 Уровень набора _0
1 2000
a Мурзилка
463 Уровень физической единицы _0
1 2000
b Текст
a № 12
v С. 16-17 : ил.
1 2101
d 2025
1 0018c5b1188f3e14080913885c811e311d9
606 Тематические рубрики 0_
a Основная рубрика Русская литература - 21 в.
610 Ключевые слова 0_
a Ключевые слова русская литература, детская литература, сказки, инструкции к приборам (х. л.), животные (х. л.), тесты, польза инструкции
686 Индексы других классификаций __
a Классификационный индекс Р2
700 Автор _1
a Фамилия Ащеулова
b Имя (инициалы) И.
g Полное личное имя Ирина
801 Источник записи _0
a Страна RU
b Организация УОБДЮ
c Дата составления 20260120
g Правила каталогизации RCR
801 Источник записи _1
a Страна RU
b Организация УОБДЮ
c Дата составления 20260120
g Правила каталогизации RCR
901 Тип документа __
t Тип документа b
w Контрольный № источника 8c5b1188f3e14080913885c811e311d9
905 Данные по созданию БЗ __
b Логин пользователя, который создал БЗ ibo3